| 000 | 00589nam a22001697a 4500 | ||
|---|---|---|---|
| 003 | OSt | ||
| 005 | 20171010095438.0 | ||
| 008 | 120531t xxu||||| |||| 00| 0 eng d | ||
| 040 |
_aMMSU _cULS |
||
| 100 |
_aPascua, Lenie G. _99820 |
||
| 245 |
_aEvaluation of the formulated antimicrobial soap from local grape (Vitis Vinifera) fruit extract _cLenie G. Pascua |
||
| 260 | _c2007 | ||
| 300 |
_axvii, 65 leaves _c28 cm. |
||
| 500 | _aThesis (BS Biology) -- Mariano Marcos State University-College of Arts and Sciences, Batac City | ||
| 504 | _aBibliography: leaves 39 | ||
| 942 |
_2ddc _cTHEDIS |
||
| 999 |
_c9526 _d9526 |
||